|
|
|
|
| LEADER |
01160cam a2200301 7i4500 |
| 001 |
0000033344 |
| 005 |
20160715090000.0 |
| 007 |
##ta |
| 008 |
160712s2015 si b 101 0 eng d |
| 020 |
# |
# |
|a 9789814519366
|
| 040 |
# |
# |
|a MATR
|
| 090 |
0 |
0 |
|a I 330.959
|b GLO
|
| 245 |
0 |
0 |
|a GLOBAL ECONOMIC UNCERTAINTIES AND SOUTHEAST ASIAN ECONOMIES
|c edited by Suthiphand Chirathivat, ChayodomSabhasri, Aekapol Chongvilaivan.
|
| 264 |
# |
1 |
|a Singapore:
|b Institute of Southeast Asian Studies,
|c 2015.
|
| 300 |
# |
# |
|a xii, 271 pages;
|c 23 cm.
|
| 336 |
# |
# |
|a text
|2 rdacontent
|
| 337 |
# |
# |
|a unmediated
|2 rdamedia
|
| 338 |
# |
# |
|a volume
|2 rdacarrier
|
| 504 |
# |
# |
|a Includes bibliographical references and index
|
| 650 |
# |
0 |
|a Financial crises --
|z European Union countries
|
| 651 |
# |
0 |
|a Southeast Asia --
|x Economic conditions
|
| 651 |
# |
0 |
|a Southeast Asia --
|x Commercial policy
|
| 651 |
# |
0 |
|a Southeast Asia --
|x Economic conditions --
|y 21st century
|
| 700 |
0 |
# |
|a Suthiphand Chirathivat
|
| 700 |
0 |
# |
|a Chayodom Sabhasri
|
| 700 |
0 |
# |
|a Aekapol Chongvilaivan
|
| 710 |
2 |
# |
|a Institute of Southeast Asian Studies
|
| 999 |
|
|
|a B000037600
|b Book
|c Regions
|e Business Information Centre
|